| 000 | 00355nam a2200145 a 4500 | ||
|---|---|---|---|
| 003 | MO | ||
| 005 | 20170315085205.0 | ||
| 008 | 100921s19uu xx 00 eng d | ||
| 050 |
_aTR _bG29 1999 |
||
| 100 | _aGeorge, Jean Craighead | ||
| 245 | 4 | _aFrightful's mountain. | |
| 260 |
_aNew York : _bScholastic , _c1999. |
||
| 942 |
_2ddc _cBK |
||
| 999 |
_c110749 _d110749 |
||